000 01382nam a2200337 a 4500
001 000116057
003 CHAP
005 20220329144559.0
008 190902s2012 mx |r| ||||||spa d
010 _a112518
011 _a113490
020 _a9786077538660
040 _cCHAP
082 0 4 _a342.72
_bM99 v.23
110 1 _aMéxico. Constitución,
_d1917
_976889
245 1 0 _aTuslomj†pom politika ta teromkajo' unte'jo' ajk†bnajo' = Constitución Política de los Estados UnidosMexicanos en Chontal de Tabasco /
_ccoordinado por Pedro Pérez Luciano, Nalyndesirette Chablé Gerónimo y Ulises Contreras Castillo.
260 _aMéxico, D.F. :
_bINALI
_bUniversidad Intercultural del Estado de Tabasco,
_c2012.
300 _a199 p.
490 _aConstitución Política de los Estados Unidos Mexicanos en lenguas indígenas
_v23
500 _aGlosario de términos jurídicos
590 _aE5765TAJ
_b05
_c20190902
_lUCH01
_h1233
650 1 4 _aDerecho constitucional
_xMéxico.
_931886
650 1 4 _aMéxico
_xConstitución.
_976735
700 1 _aChablé Gerónimo, Nalyndesirette
_ecoord.
_9136745
700 1 _aContreras Castillo, Ulises
_ecoord.
_9136746
700 1 _aPérez Luciano, Pedro
_ecoord.
_9136744
830 0 _aConstitución Política de los Estados Unidos Mexicanos en lenguas indígenas
_v23
_9136735
901 _aBK
942 _cLIBRO
942 _n0
999 _c112518
_d112518